|
|
|
|
| LEADER |
00936nam a2200205 a 4500 |
| 001 |
423986 |
| 008 |
100126b bg d s 000 0 eng d |
| 010 |
|
|
|a 80902348
|
| 040 |
|
|
|a DLC
|c DLC
|d DLC
|d BD-DhAAL
|
| 082 |
0 |
0 |
|a 363.9/6/095492
|2 19
|
| 110 |
1 |
|
|a Bangladesh.
|b Janasaṃkhyā Niẏantraṇa o Paribāra Parikalpanā Bibhāga.
|
| 245 |
1 |
0 |
|a Family planning scheme during the first Five year plan /
|c prepared by the Population Control And Family Planning Division, Government of the People's Republic of Bangladesh.
|
| 260 |
|
|
|a Dhaka :
|b The Division
|
| 300 |
|
|
|a 96 p. :
|b chart ;
|c 29 cm.
|
| 500 |
|
|
|a Chiefly tables.
|
| 541 |
1 |
|
|e 00001236
|
| 650 |
|
0 |
|a Birth control
|z Bangladesh.
|
| 852 |
4 |
|
|a Ayesha Abed Library
|j General shelf
|
| 999 |
|
|
|c 7229
|d 7229
|
| 952 |
|
|
|0 0
|1 0
|2 ddc
|4 0
|6 363_960954920000000_FAM
|7 0
|9 7537
|a BRACUL
|b BRACUL
|c GEN
|d 2010-01-28
|g 0.00
|l 0
|o 363.96095492 FAM
|p 3010001236
|r 2010-01-28
|t 1
|w 2010-01-28
|y BK
|z Not price in Register
|